00000000cam 2200000zi 4500
0019.956923
003CaOODSP
00520251210105419
006m     o  d f      
007cr |n|||||||||
008251030t20252025onca    ob   f000 0 fre d
020 |a9780660795553
040 |aCaOODSP|bfre|erda|cCaOODSP
043 |an-cn---
0861 |aM4-274/2025F-PDF
24500|aRèglement proposé sur les accords ministériels autochtones : |bce que nous avons entendu 2024-2025.
264 1|a[Ottawa] : |bNatural Resources Canada = Ressources naturelles Canada, |c[2025]
264 4|c©2025
300 |a1 ressource en ligne (ii, 30 pages) : |bfigure en couleur
336 |atexte|btxt|2rdacontent/fre
337 |ainformatique|bc|2rdamedia/fre
338 |aressource en ligne|bcr|2rdacarrier/fre
500 |aPublié aussi en anglais sous le titre : Proposed Indigenous Ministerial Arrangements Regulations : what we heard 2024-25.
504 |aComprend des références bibliographiques.
650 6|aPeuples autochtones|zCanada|xRelations avec l'État.
650 6|aÉnergie|xDéveloppement|xDroit|zCanada.
7101 |aCanada. |bRessources naturelles Canada, |eorganisme de publication.
77508|tProposed Indigenous Ministerial Arrangements Regulations : |w(CaOODSP)9.956922
85640|qPDF|s1.46 Mo|uhttps://publications.gc.ca/collections/collection_2025/rncan-nrcan/M4-274-2025-fra.pdf
8564 |qHTML|sS.O.|uhttps://ressources-naturelles.canada.ca/organisation/transparence/lois-reglements/nous-avons-entendu-2024-2025